Economic survey 2000.
| Format: | Book |
|---|---|
| Published: |
Nairobi:
Central Bureau of Statistics,
2000.
|
| Subjects: |
| LEADER | 00376cam a2200133 7i4500 | ||
|---|---|---|---|
| 001 | 0000013370 | ||
| 005 | 20040128090000.0 | ||
| 090 | 0 | 0 | |a KENA 330.9 |b ECO |
| 245 | 0 | 0 | |a Economic survey 2000. |
| 260 | 0 | 0 | |a Nairobi: |b Central Bureau of Statistics, |c 2000. |
| 300 | # | # | |a 227 p. |
| 650 | 0 | 0 | |a Kenya -- |x Economic conditions |
| 651 | 0 | 0 | |a Kenya |
| 999 | |a 0000012121 |b Book |c Book |e Business Information Centre | ||